000 00848cam a22002897a 4500
003 CHAP
005 20220817043016.0
008 971013s1995 r 00010 d
010 _a62574
011 _a63546
035 _a67722
040 _cCHAP
082 _a080
_bC5 v.139
100 0 0 _aBosch, Pedro.
_913973
245 1 3 _aEl carbono
_b: cuentos orientales
260 _aMéxico, D. F. :
_bFondo de Cultura Económica,
_c1995
300 _a117 p.
_b: ilus.
490 3 _aLa ciencia desde México
_v; 139
590 _aBATCH-UPD
_b10
_c20130110
_lUCH01
_h0810
590 _aCONVERSION
_b10
_c20130109
_lUCH01
_h1334
650 1 4 _aCarbono.
700 0 _aPacheco, Graciela.
_984596
830 3 _aLa ciencia desde México
_v; 139
_964199
901 _aBK
942 _cLIBRO
949 _a080 C5 v.139
_bBC
_cC
_d33724000681714
_eC
_h92217
_i67722
_sb
999 _c62574
_d62574